000 00976nam a22003377a 4500
001 BR0503148
003 BR-BrBNA
005 20230928101921.0
007 ta
008 230509b bl.||||| |||| 00| 0 por d
040 _aBR-BrBNA
_bpor
_cBiblioteca Nacional de Agricultura
041 _a(Por)
072 _aQ04; E71
_b0150
_b9205
090 _ 0150 BR0503148
100 1 _aFerreira, C.M.
100 1 _aPinheiro, B. da S.
100 1 _aSousa, I.S.F. de
100 1 _aMorais, O.P. de
110 1 _aEMBRAPA Arroz e Feijão, Santo Antônio de Goiás, GO (Brasil)
245 1 _aQualidade do arroz no Brasil: evolução e padronização
260 3 _aSanto Antônio de Goiás, GO (Brasil):
_c2005.
300 _a61 p.
500 _a40 ref.; 15 tables; 9 illus.
650 _aARROZ
650 _aGRÃO
650 _aQUALIDADE
650 _aPROPRIEDADE FÍSICO-QUÍMICA
650 _aCOMÉRCIO EXTERIOR
909 _a202309
_bLucia
_c55
_dLucia Elande
942 _cBK
999 _c68213
_d68213